Hatalom és szolgálat
Elmentve itt :
| Dokumentumtípus: | Cikk |
|---|---|
| Megjelent: |
1997-03-06
|
| Sorozat: | Délmagyarország
87 No. 55 |
| Kulcsszavak: | Béremelés, közalkalmazotti besorolás |
| Online Access: | http://dmarchiv.bibl.u-szeged.hu/79663 |
| LEADER | 00417nab a2200145 i 4500 | ||
|---|---|---|---|
| 001 | delm79663 | ||
| 005 | 20191018124144.0 | ||
| 008 | 191018s1997 hu o 0|| hun d | ||
| 040 | |a SZTE Délmagyarország Archívum |b hun | ||
| 041 | |a hun | ||
| 245 | 0 | 0 | |a Hatalom és szolgálat |h [elektronikus dokumentum] |
| 260 | |c 1997-03-06 | ||
| 300 | |a 3 | ||
| 490 | 0 | |a Délmagyarország |v 87 No. 55 | |
| 695 | |a Béremelés, közalkalmazotti besorolás | ||